000 00580nam a22001337a 4500
999 _c80291
_d80291
008 201130b ||||| |||| 00| 0 eng d
040 _bger
_cSTAFF
_erda
_aSTAFF
245 _aFrankfurter geben viel für Geflüchtete:
_bSpendenaktion: Zwei Lkw voll warmer Kleidung und Dinge des täglichen Bedarfs gehen demnächst nach Griechenland./
_cred
773 _dFrankfurt (Oder): Märkisches Verlags- und Druckhaus GmbH & Co KG
_g31. Jahrgang (2020) Nr. 283 vom 04.12.2020, S. 17
_tMärkische Oderzeitung
942 _cA